La Creación de un marco funcional : líneas austeras y confortables / Reportaje: Mar Requena ; fotografia: Jaume Balanya líneas austeras y confortables / Reportaje:
Descripción Física:
il. col. ; 30 cm
Otros Autores:
Balanya, Jaume
MARC
| LEADER | 00000nam a2200000Ia 4500 | ||
|---|---|---|---|
| 001 | 19463 | ||
| 008 | 160829s9999 xx 000 0 cat d | ||
| 080 | |a FU-6-41 | ||
| 100 | |a Requena, Mar |9 30227 | ||
| 245 | |a La Creación de un marco funcional : |b líneas austeras y confortables / Reportaje: |b Mar Requena ; fotografia: |b Jaume Balanya | ||
| 260 | |a Hogares: |b decoración, mueble, diseño, arquitectura, núm. 244 (nov. 1988), pàg. 60 - 63 | ||
| 300 | |a il. col. ; |c 30 cm | ||
| 590 | |a Article amb fotografies de l'Arxiu Històric de la Diputació de Barcelona. | ||
| 650 | |a Arxiu General de la Diputació de Barcelona | ||
| 700 | 1 | |a Balanya, Jaume |9 30228 | |
| 901 | |a Arxiu | ||
| 942 | |n 1 | ||
| 952 | |0 0 |1 0 |4 0 |6 FU641 |7 1 |9 45337 |a Arxiu |b Arxiu |d 2016-12-01 |l 0 |o FU-6-41 |p 19463 |r 2016-12-01 00:00:00 |w 2016-12-01 |y ARXIU | ||
| 999 | |c 48411 |d 48411 | ||